Galatians: (Record no. 5786)

000 -LEADER
fixed length control field 00567nam a2200181 a 4500
001 - CONTROL NUMBER
control field :::00003528$&:&@@
003 - CONTROL NUMBER IDENTIFIER
control field OkBaRHE
005 - DATE AND TIME OF LATEST TRANSACTION
control field 20000607103307.0
008 - FIXED-LENGTH DATA ELEMENTS--GENERAL INFORMATION
fixed length control field s1981 j 000 0 eng u
040 ## - CATALOGING SOURCE
Transcribing agency
100 1# - MAIN ENTRY--PERSONAL NAME
Personal name Dyet, James T.
245 10 - TITLE STATEMENT
Title Galatians:
Remainder of title let my people go!
260 ## - PUBLICATION, DISTRIBUTION, ETC. (IMPRINT)
Place of publication, distribution, etc Denver, CO., :
Name of publisher, distributor, etc Accent On Life Bible Curriculum
Date of publication, distribution, etc c1981
300 ## - PHYSICAL DESCRIPTION
Extent 111 p. ;
Dimensions 19 cm.
650 ## - SUBJECT ADDED ENTRY--TOPICAL TERM
Topical term or geographic name as entry element Bible New Testament Galatians
General subdivision Study
942 ## - ADDED ENTRY ELEMENTS (KOHA)
Source of classification or shelving scheme
Koha item type Books
Copies
Source of classification or shelving scheme Koha item type Price effective from Not for loan Full call number Date acquired Lost status Barcode Withdrawn status Permanent Location Damaged status Date last seen Copy number Shelving location
 Books2010-04-14 BS 2685 .D9G32010-04-14 3528 RHEMA Bible Training College 2018-04-031General Stacks